000 00416nam a2200181Ia 4500
001 1226
005 20260306140616.0
008 260306t2000||||xx |||||||||||||| ||spa||
041 _aESP
082 _a189.4
_bK41
100 _aKenny, Anthony
_eAUT
245 0 _aTomás de Aquino y la mente
260 _c2000
300 _a172 páginas :
_c21 cm.
650 _aGEN
654 _aCHU
942 _cLIB
_dJUS
_fJUS
_2ddc
_n
999 _c1226
_d1226